| 000 | 01355cam a2200337 i 4500 | ||
|---|---|---|---|
| 999 |
_c200440118 _d58330 |
||
| 003 | TR-AnTOB | ||
| 005 | 20240425162937.0 | ||
| 007 | ta | ||
| 008 | 850312t19851985waua b i000 0 eng d | ||
| 035 | _a(OCoLC)11796333 | ||
| 040 |
_aDJB _beng _erda _cDJB _dTR-AnTOB |
||
| 041 | 0 | _aeng | |
| 043 | _ad------ | ||
| 050 | 0 | 0 |
_aHG230.3 _b.F67 1985 |
| 090 |
_aHG230.3 _b.F67 1985 |
||
| 245 | 0 | 0 |
_aForeign private investment in developing countries : _ba study / _cby the Research Department. |
| 264 | 1 |
_aWashington, D.C. : _bOrders to External Relations Dept., attention Publications, International Monetary Fund, _c1985. |
|
| 300 |
_avii, 44 pages : _billustrations (some color) ; _c28 cm |
||
| 336 |
_atext _btxt _2rdacontent |
||
| 337 |
_aunmediated _bn _2rdamedia |
||
| 338 |
_avolume _bnc _2rdacarrier |
||
| 490 | 0 |
_aOccasional paper / International Monetary Fund, _x0251-6365 ; _vno. 33 |
|
| 500 | _a"January 1985" | ||
| 650 | 0 |
_aInvestments, Foreign _zDeveloping countries _9107151 |
|
| 651 | 0 |
_aDeveloping countries _xEconomic conditions _926207 |
|
| 710 | 2 |
_aInternational Monetary Fund. _bResearch Department _9132065 |
|
| 856 | 4 | 1 |
_3Online access link to the resource _uhttps://www.elibrary.imf.org/display/book/9781557750662/9781557750662.xml?rskey=bZ4ply&result=1 |
| 942 |
_2lcc _cBK |
||